000 00420nmm a2200145Ia 4500
008 251105s9999||||xx |||||||||||||||||und||
041 _aspa
100 _aBaker Kline, Christina
245 0 _aEl tren de los huérfanos
264 _a[Madrid, España] :
_bEdiciones B,
_c2015
300 _a320 páginas
650 _aNorth American narrative
856 _uhttps://public.digitaliapublishing.com/a/53587
942 _cCF
999 _c105610
_d105610